| 000 | 01343cam a22003134a 4500 | ||
|---|---|---|---|
| 999 |
_c234324 _d234324 |
||
| 001 | 13071319 | ||
| 003 | Nust | ||
| 005 | 20170317135236.0 | ||
| 008 | 030128s2003 dcua b 001 0 eng | ||
| 010 | _a 2003001908 | ||
| 020 | _a1559631848 (alk. paper) | ||
| 040 |
_aDLC _cASAB _dDLC |
||
| 042 | _apcc | ||
| 050 | 0 | 0 |
_aNA9095 _b.S64 2003 |
| 082 | 0 | 0 |
_a720/.9173/2 _221 |
| 100 | 1 |
_aSolomon, Daniel, _d1939- |
|
| 245 | 1 | 0 |
_aGlobal city blues / _cDaniel Solomon. |
| 260 |
_aWashington : _bIsland Press, _cc2003. |
||
| 300 |
_axv, 253 p. : _bill. ; _c24 cm. |
||
| 504 | _aIncludes bibliographical references (p. 245) and index. | ||
| 650 | 0 | _aCity planning. | |
| 650 | 0 | _aUrbanization. | |
| 650 | 0 | _aArchitecture and society. | |
| 650 | 0 | _aModernism (Aesthetics) | |
| 856 | 4 | 1 |
_3Table of contents only _uhttp://www.loc.gov/catdir/toc/fy042/2003001908.html |
| 856 | 4 | 2 |
_3Publisher description _uhttp://www.loc.gov/catdir/enhancements/fy0631/2003001908-d.html |
| 906 |
_a7 _bcbc _corignew _d1 _eecip _f20 _gy-gencatlg |
||
| 942 |
_2ddc _cBK |
||